Sanat - "Me käymme joulun viettohon" - Statistics

Yleistilastot
  • Tätä visaa on pelattu 37 kertaa
  • Keskiarvotulos 55 / 93
Vastaustilastot
Vastaus % Oikein
joulu
100%
joulun
100%
joulun
100%
joulun
100%
käymme
100%
käymme
100%
käymme
100%
kynttilöin
100%
Me
100%
me
100%
Me
100%
me
100%
me
100%
me
100%
viettohon
100%
viettohon
100%
kuusin
96%
tää
89%
taas
89%
laps
82%
laps
82%
laps
82%
sen
75%
lapsen
71%
lapsen
71%
muistammeko
71%
ja
68%
tuo
68%
kirkkauden
64%
kultavöin
64%
oksat
64%
unhoittuu
64%
vaan
64%
hopein
61%
hukkuu
61%
kiedomme
61%
mi
61%
niin
61%
niin
61%
niin
61%
hankeen
57%
puun
57%
taivaisen
57%
taivaisen
57%
maisin
54%
miettehin
54%
vihreet
54%
kullan
50%
mirhamin
50%
on
50%
tuon
50%
jos
46%
jos
46%
luo
46%
vain
46%
alku
43%
kaikki
43%
kuin
43%
lahjat
43%
meno
43%
muu
43%
Oi
43%
rakkaan
43%
ihanat
39%
jää
39%
juoma
39%
meille
39%
nuo
39%
nuo
39%
ois
39%
ruoka
39%
sivuun
39%
tietäjämme
39%
kätes
36%
maallinen
36%
myöskin
36%
Turhuuden
36%
turhuus
36%
veisimme
36%
ystävät
36%
aatokset
32%
jaamme
32%
köyhänkin
32%
kylmin
32%
mielen
32%
runsahat
32%
sydämin
32%
touhu
32%
turhaa
32%
tyhjät
32%
rikkaan
29%
täyttää
29%
suun
25%
Ehtoja vastaavia visoja ei löytynyt
Tulosjakauma
Jokaisen tuloksen saaneiden osuus
Persentiili vastausten määrän mukaan
Tuloshistoriasi
Et ole pelannut tätä visaa